000 00419nam a2200145 i 4500
001 22046
003 ES-MaACL
007 t|
008 021129s1943 sp ||||1| spa d
100 1 _aAlmeida Lima.
_920125
245 1 0 _aTumores medulares /
_cAlmeida Lima.
260 _aBarcelona :
_bSalvat,
_c1943 (
_fImp. Hispano-Americana)
300 _a169 p. :
_bgrab. intercal. ;
_c24 cm.
852 _aES-MaACL
_jE-848
_bR.20149
999 _c22046
_d22046